00603nam a22001577a 4500003000400000082001700004100001800021245015700039260004400196300000800240650003200248653003200280942001200312952010400324999001700428SGT a617.63bM23V aVijay, Shruti aMorphometric analysis of Mental Foramen, Accessory mental foramen and Anterior Loop of inferior alveolar nerve canal using Cone Beam Computed Tomography aGurugram, HaryanabSGT Universityc2023 a153 aOral Medicine and Radiology aOral Medicine and Radiology 2ddccTH 00102ddc405171aFDbFDd2023-02-25l0o617.63 M23VpDT1511r2023-02-25 00:00:00w2023-02-25yTH c23819d23819